000 00629nam a2200265Ia 4500
005 20260306164305.0
008 008 260114s9999 xx 000 0 eng d
020 _a9780226574615
037 _aEBOOK
040 _aCRL
040 _beng
040 _cCRL
041 _2eng
041 _aeng
084 _qCRL
100 _aHoxby, Stange
_91130364
245 0 _aProductivity In Higher Education
260 _bUniversity of Chicago Press
260 _c2020
650 _aEconomics & Finance
856 _uhttps://academic.oup.com/book/34213
942 _cEBOOK
999 _c1713525
_d1713525